| 000 | 00491nam a22001577a 4500 | ||
|---|---|---|---|
| 008 | 230317b |||||||| |||| 00| 0 eng d | ||
| 020 | _a978-1949202008 | ||
| 050 |
_aQA279 _b.S55 2012 |
||
| 100 | _aSnijder, Tom A B | ||
| 245 |
_aMultillevel analysis : _bIntroduction to basic and advanced multilevel modeling/ _cTom A B Snijders & Roel J Bosker |
||
| 250 | _a2nd ed. | ||
| 260 |
_aLondon _bSage _c2012 |
||
| 300 |
_axi, 354p. _bIncludes index |
||
| 700 | _aBosker, Roel J | ||
| 942 |
_2lcc _cBK |
||
| 999 |
_c20085 _d20084 |
||